LEADER 00887nam a2200205 i 4500 001 000000213388 003 CaOOAMICUS 005 20120522000000.0 008 120522s1896 it u000 u ita u 013 $a192243 040 $aSeMil$bita 100 1 $aManfredi, Vittorio.$0(OLS)http://semarc/name/76010 245 13$aIl rinnovamento degli studi ellenici :$blibro pel secolo ventesimo /$cVittorio Manfredi. 260 $aTorino [etc.] :$bDitta G. B. Paravia e Comp.,$c1896. 300 $a196 p. ;$c20 cm. 650 4$aEllenismo.$0(OLS)http://semarc/subject/4274 850 $aSeMil 852 $aSeMil$W1$xVenegono$y1$m1Z III 114 FA$j163818$B163818$CSeMilBibl$Z2$F174882 $8I 996 $6245$aIl rinnovamento degli studi ellenici :$blibro pel secolo ventesimo$9(OLS)http://semarc/title/307660 996 $6260$aTorino [etc.] :$bDitta G. B. Paravia e Comp.$9(OLS)http://semarc/publisher/35214 LEADER 01028nam a2200229 i 4500 001 000000053178 003 CaOOAMICUS 005 20120901000000.0 008 120901s1979 it u000 u ita u 013 $a24350 040 $aSeMil$bita 100 1 $aD'Agostino, Francesco,$d<1946-2022>.$0(OLS)http://semarc/name/93081 245 10$aPer un'archeologia del diritto :$bmiti giuridici greci /$cFrancesco D'Agostino. 260 $aMilano :$bGiuffrè,$c1979. 300 $a164 p. ;$c26 cm. 490 0 $aPubblicazioni della Facoltà di giurisprudenza ;$v84. Nuova Serie 650 4$aDiritto - Storia.$0(OLS)http://semarc/subject/6500 830 0$aPubblicazioni della Facoltà di giurisprudenza ;$v84. Nuova Serie.$0(OLS)http://semarc/title/17002 850 $aSeMil 852 $aSeMil$W1$xVenegono$y1$m2H III 162$j19332$B19332$CSeMilBibl$Z2$F19334 $81 996 $6245$aPer un'archeologia del diritto :$bmiti giuridici greci$9(OLS)http://semarc/title/81868 996 $6260$aMilano :$bGiuffrè$9(OLS)http://semarc/publisher/29926